Catalog

Record Details

Catalog Search



Báje Šošany  Cover Image Book Book

Báje Šošany / Julius Zeyer

Record details

  • Physical Description: 185 stran ; 18 cm
  • Edition: Šesté vydání
  • Publisher: V Praze : nákladem České grafické Unie a.s., 1922

Content descriptions

General Note:
"První tisíc"--Rub titulní stránky
Formatted Contents Note:
Smrt Evy -- Král Menkera -- Tilottama
Genre: české prózy

Available copies

  • 1 of 1 copy available at Common Catalog SPOK.

Holds

  • 0 current holds with 1 total copy.
Show Only Available Copies
Location Call Number / Copy Notes Barcode Shelving Location Status Due Date
The Jewish community of Prague K 316 4638303398 K - Beletrie Available -

LDR 01133nam a2200361 i 4500
00155278
003CZ-PrJAB
00520230818102419.0
007ta
008010705s1922 xr g 000 j cze
015 . ‡acnb000350040
020 . ‡q(Vázáno)
035 . ‡a(CZ PrNK)nos190257652005
035 . ‡a(OCoLC)9063718
040 . ‡aABA001 ‡bcze ‡cULG001 ‡dABA001 ‡erda
072 7. ‡a821.162.3-3 ‡xČeská próza ‡2Konspekt ‡925
080 . ‡a821.162.3-3 ‡2MRF
080 . ‡a(0:82-3) ‡2MRF
1001 . ‡aZeyer, Julius, ‡d1841-1901 ‡7jk01152552 ‡4aut
24510. ‡aBáje Šošany / ‡cJulius Zeyer
250 . ‡aŠesté vydání
264 1. ‡aV Praze : ‡bnákladem České grafické Unie a.s., ‡c1922
300 . ‡a185 stran ; ‡c18 cm
336 . ‡atext ‡btxt ‡2rdacontent
337 . ‡abez média ‡bn ‡2rdamedia
338 . ‡asvazek ‡bnc ‡2rdacarrier
4901 . ‡aSpisy Julia Zeyera ; ‡vXXI.
500 . ‡a"První tisíc"--Rub titulní stránky
50500. ‡tSmrt Evy -- ‡tKrál Menkera -- ‡tTilottama
655 7. ‡ačeské prózy ‡7fd133972 ‡2czenas
8001 . ‡aZeyer, Julius, ‡d1841-1901. ‡tSpisy
910 . ‡aABE461
995 . ‡aska
901 . ‡a55278 ‡bAUTOGEN ‡c55278 ‡tbiblio

Additional Resources